Intermediate Algebra / (Record no. 5568)
[ view plain ]
| 000 -LEADER | |
|---|---|
| fixed length control field | 00571nam a2200229 a 4500 |
| 001 - CONTROL NUMBER | |
| JCCL Control Number | 5568 |
| 003 - CONTROL NUMBER IDENTIFIER | |
| JCCL marc code | BD-JhCC |
| 005 - DATE AND TIME OF LATEST TRANSACTION | |
| control field | 20171221195904.0 |
| 008 - FIXED-LENGTH DATA ELEMENTS--GENERAL INFORMATION | |
| fixed length control field | 171218s1985 u |||| || | 001 0 eng d |
| 020 ## - INTERNATIONAL STANDARD BOOK NUMBER | |
| International Standard Book Number | 0534044344 |
| 035 ## - SYSTEM CONTROL NUMBER | |
| system control number | (BD-JhCC)5568 |
| 040 ## - CATALOGING SOURCE | |
| Original cataloging agency | BD-JhCC |
| Modifying agency | BD-JhCC |
| 041 ## - LANGUAGE CODE | |
| Language code of Book | eng |
| 082 ## - DEWEY DECIMAL CLASSIFICATION NUMBER | |
| Classification number | 512.9 |
| Author mark and Year | SEL 1985 |
| 100 ## - MAIN ENTRY--PERSONAL NAME | |
| Personal name | Sellers, Gene |
| 245 ## - TITLE STATEMENT | |
| Title | Intermediate Algebra / |
| Statement of responsibility, etc | Gene Sellers, |
| 260 ## - PUBLICATION, DISTRIBUTION, ETC. (IMPRINT) | |
| Place of publication, distribution, etc | USA : |
| Name of publisher, distributor, etc | Brooks/Cole Publishing Company, |
| Date of publication, distribution, etc | 1985. |
| 300 ## - PHYSICAL DESCRIPTION | |
| Pagination | A55 524 P. : |
| Dimensions | 24 p. : |
| 650 ## - SUBJECT ADDED ENTRY--TOPICAL TERM | |
| Topical term or geographic name as entry element | Algebra |
| 942 ## - ADDED ENTRY ELEMENTS (KOHA) | |
| Source of classification or shelving scheme | Dewey Decimal Classification |
| Koha item type | Books |
| Source of classification or shelving scheme | Damaged status | Not for loan | Home library | Current library | Shelving location | Date of accession | Total Checkouts | Full call number | Barcode | Date last seen | Copy number | Koha item type |
|---|---|---|---|---|---|---|---|---|---|---|---|---|
| Dewey Decimal Classification | JCC Rouf Library | JCC Rouf Library | General Stacks | 12/18/2017 | 512.9 SEL 1985 | 7551 | 12/18/2017 | C - 1 | Books |